NGO developments and human rights / (Record no. 93647)

MARC details
000 -LEADER
fixed length control field 00601nam a22001937a 4500
005 - DATE AND TIME OF LATEST TRANSACTION
control field 20150717111435.0
010 ## - LCCN (DPL NO)
LC control number ENG-113098
020 ## - INTERNATIONAL STANDARD BOOK NUMBER
International Standard Book Number 9789380752556
Terms of availability 795.00
035 ## - SYSTEM CONTROL NUMBER
System control number EN-96630
037 ## - SOURCE OF ACQUISITION
Source of stock number/acquisition DBAD/PUB
082 ## - DEWEY DECIMAL CLASSIFICATION NUMBER
Classification number 341.48
100 ## - MAIN ENTRY--PERSONAL NAME
Personal name Nilesh, K. Singh
245 ## - TITLE STATEMENT
Title NGO developments and human rights /
Statement of responsibility, etc by Nilesh K. Singh
260 ## - PUBLICATION, DISTRIBUTION, ETC. (IMPRINT)
Name of publisher, distributor, etc Kunal Books
Date of publication, distribution, etc 2011
Place of publication, distribution, etc New Delhi
270 ## - ADDRESS
City New Delhi
Postal code 110002
Address 4648/1A, First Floor, 11, Daryaganj,
300 ## - PHYSICAL DESCRIPTION
Extent vi,263p.
Dimensions 22cm(Hb)
500 ## - GENERAL NOTE
General note Includes bibliographical references and index
942 ## - ADDED ENTRY ELEMENTS (KOHA)
Source of classification or shelving scheme Dewey Decimal Classification
Item type English Books
Call number suffix NIL
Classification part 341.48
Holdings
Withdrawn status Lost status Not for loan Collection code Home library Current library Date acquired Source of acquisition Cost, normal purchase price Full call number Barcode Copy number Cost, replacement price Koha item type
    Not For Loan Non-fiction D.B.Act.Division D.B.Act.Division 15/05/2015 DBAD/PUB 795.00 341.48 NIL EN-96630 1 795.00 English Books

© Delhi Public Library
Hit Counter
free hit counter